000
00406nam a2200133Ia 4500
008
100328s9999 xx 000 0 und d
082
_b
63359
100
_a
बावडेकर निलिमा.
245
_a
मसालेदार मेनू.
260
_b
संयम.
630
_a
मसालेदार मेनू.
730
_a
मसालेदार मेनू.
942
_c
BOOK
999
_c
549247
_d
549244